书目信息 |
| 题名: |
机械基础
|
|
| 作者: | ;东北工学院《机械基础》编写组 编 | |
| 分册: | ||
| 出版信息: | 北京 冶金工业出版社 1978 |
|
| 页数: | 502页 | |
| 开本: | 26cm | |
| 丛书名: | ||
| 单 册: | ||
| 中图分类: | TH11 | |
| 科图分类: | ||
| 主题词: | 机械工程 | |
| 电子资源: | ||
| ISBN: | ||
| 000 | 00676nam0 2200217 45 | |
| 001 | 0178002222 | |
| 005 | 20051027094259.46 | |
| 010 | @dCNY2.55 | |
| 091 | @a15062.3351 | |
| 100 | @a19950731d1978 em y0chiy0121 ea | |
| 101 | 0 | @achi |
| 102 | @aCN@b110000 | |
| 105 | @ay z 000yy | |
| 200 | 10 | @a机械基础@Aji xie ji chu@f东北工学院《机械基础》编写组编@Fdong bei gong xue yuan《ji xie ji chu》bian xie zu bian |
| 210 | @a北京@c冶金工业出版社@d1978 | |
| 215 | @a502页@d26cm | |
| 606 | @a机械工程 | |
| 690 | @aTH11@v3 | |
| 711 | 0 | @a东北工学院《机械基础》编写组@Adong bei gong xue yuan《ji xie ji chu》bian xie zu@4编 |
| 801 | 0 | @aCN@bTSSF@c20051027 |
| 905 | @a10447@dTH11@e1 | |
| 机械基础/东北工学院《机械基础》编写组编.-北京:冶金工业出版社,1978 |
| 502页;26cm |
| ISBN :CNY2.55 |
| ● |
| 相关链接 |
|
|
|
|
正题名:机械基础
索取号:TH11/1
 
预约/预借
| 序号 | 登录号 | 条形码 | 馆藏地/架位号 | 状态 | 备注 |
| 1 | 0001759 | 001363777 | 第二样本阅览室/ [索取号:TH11/1] | 在馆 | |
| 2 | 0001760 | 001363811 | 第三借阅区/ [索取号:TH11/1] | 在馆 |